Le Sri Lanka pour les touristes... - Facile - Statistiques

Statistiques générales
  • Ce quiz a été pris 88 fois
  • Le résultat moyen est 7 sur 20
Statistiques - réponses
Question Indice Réponses Indice facile % Correct
Quelles sont les langues officielles ? Tamoul T
97%
Quelles sont les langues officielles ? Anglais A
82%
Le principal aéroport est C Colombo
65%
Achats à faire 1/ Boisson Thé HET
56%
Quelles sont les principaux lieux touristiques ? K Ville de {Kandy} DYKAN
56%
Combien d'heures (environ) mettrez-vous pour vous y rendre ? (en chiffres) 10
54%
La religion majoritaire est Bouddhisme B
54%
Quel est le climat local ? T Tropical
46%
Dans la capitale quel est le décalage horaire avec Paris ? (+ ou - et chiffre) ex - 10 ou + 3,5 + 3,5
32%
Comment se nomme la principale compagnie aérienne locale S A Srilankan Airlines ASEKSIAILILRNANNR
28%
Quelles sont les principaux lieux touristiques ? S Rocher de {Sigiriya} IIGISYAR
25%
Achats à faire 2/ Pierre violette Améthyste EMTATYHES
21%
Achats à faire 3/ Jeu local Carom MORAC
21%
Quelle est la monnaie ? Roupie sri lankaise R
21%
Le suffixe internet est lk
20%
Quelles sont les principaux lieux touristiques ? A Ville d'{Anuradhapura} HUARDANAAPUR
15%
Quelles sont les langues officielles ? Sighalais S
7%
Quelles sont les principaux lieux touristiques ? A Site d'{Aukana} AUNAKA
4%
Code sur les plaques minéralogiques CL
1%
Quel est le régime du pays ? R P République semi-présidentielle
0%
Aucun quiz correspondant
Distribution des résultats
% des personnes avec chaque résultat
Percentile par nombre de réponses
Votre historique - résultats
Vous n’avez pas pris ce quiz